Journal of the Nigerian Society of Chemical Engineers (Record no. 44092)

MARC details
000 -LEADER
fixed length control field 00450nam a2200169Ia 4500
022 ## - INTERNATIONAL STANDARD SERIAL NUMBER
ISSN 0794-6759
050 ## - CALL MARK
Classification number TP 1 .J73/
245 #0 - TITLE STATEMENT
Title Journal of the Nigerian Society of Chemical Engineers
250 ## - EDITION / VOLUME STATEMENT
Edition / Volume statement Vol. 40, No. 1
260 ## - PUBLICATION, DISTRIBUTION, ETC. (IMPRINT)
Place of publication Lagos
260 ## - PUBLICATION, DISTRIBUTION, ETC. (IMPRINT)
Name of publisher Nigerian Society of Chemical Engineers
260 ## - PUBLICATION, DISTRIBUTION, ETC. (IMPRINT)
Year of publication 2025
300 ## - PHYSICAL DESCRIPTION
Number of Pages 103 p. : ill. ; 30 cm.
650 ## - SUBJECT ADDED ENTRY--TOPICAL TERM
Topical Term Chemical engineering--Periodicals.
942 ## - ADDED ENTRY ELEMENTS (KOHA)
Koha item type Serials
Source of classification Library of Congress Classification

No items available.